[Event "26th Chicago Open"]
[Site "Wheeling, IL"]
[Date "2017.05.27"]
[Round "4.1"]
[White "Harmon-Vellotti, Luke"]
[Black "Avrukh, Boris"]
[Result "1/2-1/2"]
[WhiteElo "2449"]
[BlackElo "2592"]
[PlyCount "127"]
[EventDate "2017.05.??"]
[EventType "swiss"]
[EventRounds "9"]
[EventCountry "USA"]
[WhiteClock "0:02:02"]
[BlackClock "0:09:49"]

1. e4 e5 2. Nf3 Nc6 3. Bb5 a6 4. Ba4 Nf6 5. O-O Be7 6. Re1 b5 7. Bb3 d6 8. c3
O-O 9. d4 Bg4 10. Be3 exd4 11. cxd4 Na5 12. Bc2 c5 13. h3 Bxf3 14. Qxf3 cxd4
15. Bxd4 Rc8 16. Qd1 Nd7 17. Nc3 Bf6 18. Bxf6 Nxf6 19. Rc1 Qb6 20. Nd5 Nxd5 21.
Qxd5 Nc4 22. Bb3 Ne5 23. Red1 a5 24. Rxc8 Rxc8 25. Qxd6 Qxd6 26. Rxd6 a4 27.
Bd5 Rc1+ 28. Kh2 g5 29. Rb6 Rc2 30. Rxb5 Rxf2 31. a3 Kg7 32. b3 axb3 33. Rxb3
Rd2 34. a4 Ra2 35. Rg3 Rxa4 36. Rxg5+ Ng6 37. h4 f6 38. Rg3 Kh6 39. Rf3 Ra6 40.
g3 Ne5 41. Rc3 Ra7 42. Rc8 Kg7 43. Rg8+ Kh6 44. Be6 Rc7 45. Bf5 Rc2+ 46. Kh3
Nf3 47. Rh8 Rh2+ 48. Kg4 Ne5+ 49. Kf4 Ng6+ 50. Bxg6 Kxg6 51. Rg8+ Kf7 52. Ra8
Kg6 53. Ra6 Kg7 54. Ra5 Rf2+ 55. Ke3 Rb2 56. Ra7+ Kg6 57. g4 h5 58. g5 fxg5 59.
Ra6+ Kg7 60. hxg5 h4 61. Rh6 h3 62. e5 h2 63. e6 Rb6 64. Rxh2 1/2-1/2

[Event "26th Chicago Open"]
[Site "Wheeling, IL"]
[Date "2017.05.27"]
[Round "4.3"]
[White "Perez, Robert"]
[Black "Hernandez, Holden"]
[Result "1/2-1/2"]
[WhiteElo "2365"]
[BlackElo "2510"]
[PlyCount "135"]
[EventDate "2017.05.??"]
[EventType "swiss"]
[EventRounds "9"]
[EventCountry "USA"]
[WhiteClock "0:02:46"]
[BlackClock "0:01:02"]

1. Nf3 Nf6 2. c4 b6 3. g3 Bb7 4. Bg2 e6 5. O-O Be7 6. Nc3 O-O 7. Re1 Ne4 8.
Nxe4 Bxe4 9. d3 Bb7 10. e4 c5 11. d4 cxd4 12. Nxd4 d6 13. Be3 Nd7 14. Rc1 a6
15. Qd2 Qc7 16. f4 Rfe8 17. b4 Bf8 18. Nb3 a5 19. bxa5 bxa5 20. Nd4 Ra6 21. Nb5
Qb8 22. Bd4 Rc8 23. Bb2 Rac6 24. Ba3 Nb6 25. c5 dxc5 26. Qxa5 Nd7 27. Qd2 Ra6
28. Bb2 Rxa2 29. Nc3 Ra5 30. f5 Qc7 31. fxe6 fxe6 32. Bh3 Re8 33. Qe2 c4 34.
Nd1 Ba6 35. Bc3 Ra3 36. Ne3 Nc5 37. Nxc4 Nb3 38. Qh5 g6 39. Qe5 Qxe5 40. Nxe5
Nxc1 41. Rxc1 Bc5+ 42. Kh1 Rxc3 43. Rxc3 Bd4 44. Ra3 Bb7 45. Nc4 Bxe4+ 46. Bg2
Bd5 47. Nd6 Rb8 48. Bxd5 exd5 49. Rd3 Rb4 50. Ne8 g5 51. h4 gxh4 52. gxh4 Kf7
53. Nc7 Be5 54. Nxd5 Rxh4+ 55. Kg2 Ke6 56. Rh3 Rg4+ 57. Kf3 Ra4 58. Ne3 Rf4+
59. Kg2 Rf7 60. Ng4 Bf4 61. Rh5 Rg7 62. Kf3 Bg5 63. Rh1 Rf7+ 64. Kg3 Ra7 65.
Re1+ Kf5 66. Rf1+ Kg6 67. Ne5+ Kg7 68. Rf7+ 1/2-1/2

[Event "26th Chicago Open"]
[Site "Wheeling, IL"]
[Date "2017.05.27"]
[Round "4.9"]
[White "Shmelov, Denys"]
[Black "Perelshteyn, Eugene"]
[Result "1/2-1/2"]
[WhiteElo "2415"]
[BlackElo "2511"]
[PlyCount "70"]
[EventDate "2017.05.??"]
[EventType "swiss"]
[EventRounds "9"]
[EventCountry "USA"]

1. d4 Nf6 2. c4 g6 3. Nc3 Bg7 4. e4 d6 5. Be2 Na6 6. Nf3 O-O 7. O-O e5 8. Be3
c6 9. d5 Ng4 10. Bg5 f6 11. Bh4 c5 12. Ne1 h5 13. Nd3 Qe7 14. a3 Bd7 15. b4 b6
16. Rb1 g5 17. Bg3 f5 18. h3 Nf6 19. f3 f4 20. Be1 Rf7 21. Nf2 Bh6 22. Nb5 Rg7
23. bxc5 Nxc5 24. Bb4 Kh8 25. Bxc5 bxc5 26. Nc7 Rc8 27. Ne6 Bxe6 28. dxe6 Qxe6
29. Qd3 Rc6 30. Rb8+ Kh7 31. Rfb1 Ra6 32. R8b7 Qc8 33. R7b5 Qe6 34. Rb7 Qc8 35.
R7b5 Qe6 1/2-1/2

[Event "26th Chicago Open"]
[Site "Wheeling, IL"]
[Date "2017.05.27"]
[Round "4.10"]
[White "Macieja, Bartlomiej"]
[Black "Larson, Matthew"]
[Result "0-1"]
[WhiteElo "2530"]
[BlackElo "2367"]
[Annotator "Hater,David"]
[PlyCount "114"]
[EventDate "2017.05.??"]
[EventType "swiss"]
[EventRounds "9"]
[EventCountry "USA"]
[TimeControl "40/2:0"]

1. c4 c5 2. Nf3 Nc6 3. d4 cxd4 4. Nxd4 Qb6 5. Nb3 e6 6. Nc3 Bb4 7. Bd2 Nf6 8.
e3 O-O 9. Be2 d5 10. cxd5 exd5 11. O-O Qd8 12. Nb5 Be7 13. Bc3 Re8 14. Rc1 Ne4
15. Bf3 a6 16. N5d4 Bd6 17. Ne2 Ne5 18. Nf4 Nxf3+ 19. Qxf3 Qg5 20. h3 Qh6 21.
Rfd1 Be6 22. Nxd5 Ng5 23. Qe2 Bxh3 24. f4 Be6 25. Nf6+ gxf6 26. Rxd6 Ne4 27.
Rd4 Qh1+ 28. Kxh1 Ng3+ 29. Kg1 Nxe2+ 30. Kf2 Nxc1 31. Nxc1 Rac8 32. a3 Red8 33.
Ne2 Bg4 34. Ng3 Rxd4 35. exd4 f5 36. Nf1 Kf8 37. Ne3 Ke7 38. d5 Kd7 39. Ke1 b5
40. Kd2 h5 41. Bf6 Re8 42. Be5 h4 43. Kd3 Rc8 44. Bf6 h3 45. gxh3 Bxh3 46. Ke2
Bg4+ 47. Kf2 Rc1 48. Kg2 Re1 49. Bd4 Re2+ 50. Kg3 Rd2 51. Bc3 Re2 52. Bd4 Ke8
53. Kh4 Rd2 54. Be5 Rd3 55. Nc2 f6 56. Bxf6 Kf7 57. Kg5 Rh3 0-1

[Event "26th Chicago Open"]
[Site "Wheeling, IL"]
[Date "2017.05.27"]
[Round "4.12"]
[White "Ampie, Mauro"]
[Black "Popilski, Gil"]
[Result "1/2-1/2"]
[WhiteElo "2327"]
[BlackElo "2544"]
[PlyCount "38"]
[EventDate "2017.05.??"]
[EventType "swiss"]
[EventRounds "9"]
[EventCountry "USA"]

1. e4 d5 2. exd5 Qxd5 3. Nf3 Nf6 4. d4 Bg4 5. Be2 e6 6. h3 Bh5 7. Be3 c6 8. O-O
Nbd7 9. c4 Qd6 10. Qb3 Qc7 11. Nc3 Be7 12. Rfe1 O-O 13. Rad1 Rfe8 14. Qc2 a6
15. Qc1 b5 16. Bf4 Qb7 17. c5 Nd5 18. Nxd5 exd5 19. Ne5 Bxe2 1/2-1/2

[Event "26th Chicago Open"]
[Site "Wheeling, IL"]
[Date "2017.05.27"]
[Round "4.13"]
[White "Chandra, Akshat"]
[Black "Santarius, Erik"]
[Result "1/2-1/2"]
[WhiteElo "2495"]
[BlackElo "2302"]
[PlyCount "128"]
[EventDate "2017.05.??"]
[EventType "swiss"]
[EventRounds "9"]
[EventCountry "USA"]

1. d4 d5 2. Bf4 Nf6 3. e3 c5 4. c3 Nc6 5. Nd2 cxd4 6. exd4 Bf5 7. Ngf3 e6 8.
Qb3 Qc8 9. Nh4 Be4 10. Nxe4 Nxe4 11. Nf3 Bd6 12. Bxd6 Nxd6 13. Bd3 O-O 14. Qc2
g6 15. h4 Qd8 16. h5 Qf6 17. Qe2 e5 18. dxe5 Nxe5 19. Nxe5 Rfe8 20. O-O-O Rxe5
21. Qg4 Ne4 22. hxg6 hxg6 23. Bxe4 dxe4 24. Qh4 Qxh4 25. Rxh4 Rae8 26. Rhh1
R8e7 27. Rhe1 f5 28. g3 Kg7 29. Rd4 Kf6 30. Kd2 R7e6 31. Ke3 Ra6 32. a3 Rb5 33.
Re2 Rb3 34. f3 exf3 35. Kxf3 Rab6 36. Rb4 R3xb4 37. axb4 Rd6 38. Re8 Rd3+ 39.
Kf2 Rd2+ 40. Kf3 Rxb2 41. Rc8 b6 42. Rc7 Ra2 43. Rc6+ Kg5 44. Rc7 Rd2 45. Ke3
Rd8 46. Rxa7 Kg4 47. Rg7 Rd6 48. c4 Kxg3 49. c5 bxc5 50. bxc5 Re6+ 51. Kd4 Kf4
52. Kd5 Re5+ 53. Kd6 g5 54. c6 Re1 55. Ra7 g4 56. Ra4+ Kg5 57. Rc4 g3 58. c7
Re8 59. c8=Q Rxc8 60. Rxc8 Kf4 61. Rg8 Kf3 62. Ke5 g2 63. Kxf5 Kf2 64. Rxg2+
Kxg2 1/2-1/2

[Event "26th Chicago Open"]
[Site "Wheeling, IL"]
[Date "2017.05.27"]
[Round "4.15"]
[White "Liang, Awonder"]
[Black "Feng, Maggie"]
[Result "1-0"]
[WhiteElo "2488"]
[BlackElo "2298"]
[PlyCount "89"]
[EventDate "2017.05.??"]
[EventType "swiss"]
[EventRounds "9"]
[EventCountry "USA"]

1. e4 e6 2. d4 d5 3. Nd2 Be7 4. e5 Nh6 5. Bd3 Nf5 6. Ndf3 c5 7. Bxf5 exf5 8.
dxc5 Bxc5 9. Ne2 Nc6 10. O-O Be6 11. Bg5 Qd7 12. Ng3 h6 13. Bd2 O-O-O 14. b4
Bxb4 15. Bxb4 Nxb4 16. Nd4 f4 17. Nge2 f3 18. Nxf3 Nc6 19. Nfd4 g5 20. Nxc6
Qxc6 21. Nd4 Qc7 22. Rb1 Bd7 23. Qd2 Rhe8 24. Rb3 Rxe5 25. Rfb1 Rde8 26. g3 Kb8
27. Rxb7+ Qxb7 28. Rxb7+ Kxb7 29. Qb4+ Kc8 30. Kg2 g4 31. Qc5+ Kb7 32. a4 h5
33. a5 f5 34. a6+ Kb8 35. Qb5+ Kc7 36. Qb7+ Kd6 37. Qxa7 Re1 38. Qb6+ Ke7 39.
a7 Ra1 40. Nb3 Ra2 41. Nc5 Ra8 42. Nxd7 R8xa7 43. Nc5 Ra1 44. Qe6+ Kd8 45.
Qxd5+ 1-0

[Event "26th Chicago Open"]
[Site "Wheeling, IL"]
[Date "2017.05.27"]
[Round "4.16"]
[White "Nakar, Eylon"]
[Black "Zhang, Yuanchen"]
[Result "1-0"]
[WhiteElo "2476"]
[BlackElo "2585"]
[PlyCount "72"]
[EventDate "2017.05.??"]
[EventType "swiss"]
[EventRounds "9"]
[EventCountry "USA"]

1. d4 Nf6 2. c4 e6 3. Nc3 Bb4 4. f3 d5 5. a3 Bxc3+ 6. bxc3 c5 7. cxd5 Nxd5 8.
dxc5 Qa5 9. e4 Ne7 10. Be3 O-O 11. Qb3 Nec6 12. a4 Qc7 13. Ne2 Na5 14. Qc2 Na6
15. Nd4 Nxc5 16. Nb5 Qe7 17. Rd1 b6 18. Nd6 Nab7 19. Nxc8 Raxc8 20. Bb5 Nd6 21.
Be2 f5 22. exf5 Nxf5 23. Bf2 Qg5 24. g3 Rfd8 25. O-O Qf6 26. Bc4 Kh8 27. Rfe1
Nd6 28. Be2 Ncb7 29. Qa2 e5 30. Rd3 e4 31. Bd4 Qg6 32. fxe4 Nxe4 33. Re3 Ng5
34. Ba6 Nh3+ 35. Kh1 Qc6+ 36. Qg2 Rd5 1-0

[Event "26th Chicago Open"]
[Site "Wheeling, IL"]
[Date "2017.05.27"]
[Round "4.17"]
[White "Song, Michael"]
[Black "Posthuma, Joshua"]
[Result "1/2-1/2"]
[WhiteElo "2423"]
[BlackElo "2268"]
[PlyCount "118"]
[EventDate "2017.05.??"]
[EventType "swiss"]
[EventRounds "9"]
[EventCountry "USA"]

1. d4 Nf6 2. c4 e5 3. dxe5 Ne4 4. a3 Nc6 5. Nf3 d6 6. exd6 Bxd6 7. Nbd2 Bf5 8.
e3 Qf6 9. Nxe4 Bxe4 10. Bd3 Bxd3 11. Qxd3 O-O-O 12. Qe2 g5 13. Nd4 Nxd4 14.
exd4 Qxd4 15. Bxg5 Rde8 16. Be3 Qe4 17. O-O-O Qxg2 18. Rhg1 Qxh2 19. Qg4+ Kb8
20. c5 f5 21. Qf3 Rxe3 22. fxe3 Bxc5 23. Rge1 b6 24. Qxf5 Rf8 25. Qe4 Qf2 26.
Kb1 h5 27. Qh1 Re8 28. Qc6 Rg8 29. e4 Bd4 30. Qc2 Qxc2+ 31. Kxc2 Rg2+ 32. Rd2
Rxd2+ 33. Kxd2 Bxb2 34. a4 h4 35. Rh1 Bf6 36. Rf1 Be5 37. Rf5 Bg3 38. Rh5 Kc8
39. Kd3 Kd7 40. e5 c5 41. Ke4 c4 42. Kd4 Ke6 43. Rh6+ Kd7 44. e6+ Kd6 45. Kxc4
a6 46. Kd3 b5 47. axb5 axb5 48. Ke4 b4 49. Kf5 b3 50. Rh8 Kc5 51. Rc8+ Kb4 52.
Rc6 Bf2 53. e7 b2 54. e8=Q b1=Q+ 55. Kg4 Qd1+ 56. Kg5 Qd5+ 57. Kg6 Qd3+ 58. Kf7
Qh7+ 59. Ke6 Qe4+ 1/2-1/2

[Event "26th Chicago Open"]
[Site "Wheeling, IL"]
[Date "2017.05.27"]
[Round "4.18"]
[White "Moon, Benjamin"]
[Black "Shetty, Atulya"]
[Result "1/2-1/2"]
[WhiteElo "2299"]
[BlackElo "2422"]
[Annotator "Hater,David"]
[PlyCount "100"]
[EventDate "2017.05.??"]
[EventType "swiss"]
[EventRounds "9"]
[EventCountry "USA"]

1. d4 Nf6 2. Bf4 d5 3. e3 c5 4. Nf3 Nc6 5. Nbd2 g6 6. c3 Qb6 7. Qb3 c4 8. Qxb6
axb6 9. a3 b5 10. Rc1 Bg7 11. h3 O-O 12. Be2 h6 13. Bh2 Bf5 14. g4 Be6 15. Bd1
Rfe8 16. Bc2 h5 17. g5 Nd7 18. Bg3 Nb6 19. Nh4 Bd7 20. f4 e6 21. Nhf3 Na4 22.
Rb1 Nxc3 23. bxc3 Rxa3 24. Rb2 Rxc3 25. Ke2 Ra3 26. Nb1 Ra1 27. Be1 Rea8 28.
Rxb5 Nxd4+ 29. Nxd4 Bxb5 30. Nxb5 R8a2 31. Kd1 Rb2 32. Nd4 b5 33. Kc1 Bxd4 34.
exd4 Raa2 35. Bd1 b4 36. Rf1 h4 37. Rf3 Kg7 38. Bc3 Rf2 39. Bxb4 Rac2+ 40. Bxc2
Rxf3 41. Be1 Rxh3 42. Bd1 Rh1 43. Kd2 h3 44. Bf3 Rg1 45. Ke2 h2 46. Nc3 h1=Q
47. Bxh1 Rxh1 48. Nd1 Rh8 49. Bb4 Rb8 50. Be7 Rb7 {Game eventually drawn}
1/2-1/2

[Event "26th Chicago Open"]
[Site "Wheeling, IL"]
[Date "2017.05.27"]
[Round "4.19"]
[White "Abdumalik, Zhansaya"]
[Black "Kogen, Jonathan"]
[Result "1-0"]
[WhiteElo "2420"]
[BlackElo "2212"]
[PlyCount "105"]
[EventDate "2017.05.??"]
[EventType "swiss"]
[EventRounds "9"]
[EventCountry "USA"]

1. e4 e5 2. Nf3 Nc6 3. Bb5 a6 4. Ba4 Nf6 5. O-O Be7 6. Re1 b5 7. Bb3 O-O 8. a4
b4 9. d4 d6 10. dxe5 dxe5 11. Nbd2 Bg4 12. h3 Bh5 13. c3 bxc3 14. bxc3 Qd3 15.
Re3 Qd7 16. Qf1 Bc5 17. Rd3 Qe7 18. Nh4 Bg6 19. Nxg6 hxg6 20. a5 Nd8 21. g3 Ne6
22. Kg2 c6 23. Qe2 Nc7 24. Nf3 Nh7 25. Nh4 Ne6 26. Bc4 Rfe8 27. Nf3 Qc7 28. h4
f6 29. Rd2 Qa7 30. Ne1 Nhf8 31. Nd3 Kh8 32. Rb2 Qc7 33. Nxc5 Nxc5 34. Be3 Nfe6
35. Qg4 Kh7 36. h5 g5 37. Qf5+ Kh8 38. h6 gxh6 39. Rab1 Qg7 40. Bxe6 Nxe6 41.
Rb7 Re7 42. Rb8+ Rxb8 43. Rxb8+ Nf8 44. Bc5 Rf7 45. Qc8 Kg8 46. Qxa6 Kh7 47.
Bxf8 Rxf8 48. Rxf8 Qxf8 49. Qxc6 Qa3 50. a6 Kg6 51. Qe8+ Kg7 52. Qd7+ Kg6 53.
a7 1-0

[Event "26th Chicago Open"]
[Site "Wheeling, IL"]
[Date "2017.05.27"]
[Round "4.21"]
[White "Thavandiran, Shiyam"]
[Black "Karagianis, Petros"]
[Result "1/2-1/2"]
[WhiteElo "2363"]
[BlackElo "2204"]
[PlyCount "44"]
[EventDate "2017.05.??"]
[EventType "swiss"]
[EventRounds "9"]
[EventCountry "USA"]

1. e4 c5 2. Nf3 e6 3. d4 cxd4 4. Nxd4 a6 5. Bd3 Qc7 6. O-O Nf6 7. a4 d6 8. Kh1
Nbd7 9. Nc3 Be7 10. f4 b6 11. Qe2 Bb7 12. Bd2 O-O 13. b4 Rfe8 14. Rae1 e5 15.
Nf5 Bf8 16. Qf3 g6 17. Ne3 exf4 18. Qxf4 Re7 19. Nc4 Re6 20. Ne2 Bg7 21. Nd4
Re5 22. Nb3 Re6 1/2-1/2

[Event "26th Chicago Open"]
[Site "Wheeling, IL"]
[Date "2017.05.27"]
[Round "4.22"]
[White "Daggupati, Balaji"]
[Black "Grabinsky, Aaron"]
[Result "0-1"]
[WhiteElo "2188"]
[BlackElo "2351"]
[PlyCount "154"]
[EventDate "2017.05.??"]
[EventType "swiss"]
[EventRounds "9"]
[EventCountry "USA"]

1. e4 e6 2. d4 d5 3. Nc3 Nc6 4. e5 Nge7 5. Nf3 Nf5 6. h4 h5 7. Bg5 Be7 8. Qd2
b6 9. O-O-O Qd7 10. Bxe7 Qxe7 11. Qg5 Bd7 12. Qf4 O-O-O 13. Kb1 Kb7 14. Qd2 f6
15. Bb5 Nb8 16. Bd3 Nh6 17. exf6 gxf6 18. Rhe1 Qg7 19. g3 Ng4 20. Bf1 Bc8 21.
Ng1 c6 22. Nh3 e5 23. dxe5 fxe5 24. f3 Nh6 25. Qg5 Qxg5 26. hxg5 Nf5 27. Rxe5
Nxg3 28. Bg2 Nf5 29. Rh1 Rhg8 30. f4 Rdf8 31. Rhe1 Bd7 32. Ng1 Nh4 33. Bh3 Ng6
34. Bxd7 Nxe5 35. Be6 Nf7 36. Nh3 Rg7 37. Rg1 Nd8 38. f5 Nxe6 39. fxe6 Rg6 40.
e7 Re8 41. Ne2 Rxe7 42. Nef4 Rg8 43. Nxh5 Re3 44. N5f4 Nd7 45. Kc1 Ne5 46. b3
Kc8 47. Rg2 Kd7 48. Nh5 Rh8 49. N3f4 Ke7 50. g6 Re4 51. g7 Rg8 52. Ne2 Rg4 53.
Rxg4 Nxg4 54. Nd4 c5 55. Nc6+ Ke6 56. Nxa7 Nf6 57. Nxf6 Kxf6 58. Nb5 Rxg7 59.
Nc3 Ke5 60. a4 Rg2 61. Nb5 Ke4 62. Nc3+ Kd4 63. Nb5+ Ke3 64. Nc7 Rg5 65. Na8
Kd4 66. Kb2 c4 67. bxc4 dxc4 68. Nxb6 Rg1 69. c3+ Kd3 70. a5 Rg5 71. Nc8 Rxa5
72. Nd6 Rd5 73. Nf7 Rb5+ 74. Kc1 Kxc3 75. Nd6 Re5 76. Kb1 Kb3 77. Kc1 c3 0-1

[Event "26th Chicago Open"]
[Site "Wheeling, IL"]
[Date "2017.05.27"]
[Round "4.25"]
[White "Gorti, Akshita"]
[Black "Patel, Advait"]
[Result "0-1"]
[WhiteElo "2240"]
[BlackElo "2385"]
[PlyCount "69"]
[EventDate "2017.05.??"]
[EventType "swiss"]
[EventRounds "9"]
[EventCountry "USA"]

1. d4 Nf6 2. c4 g6 3. Nc3 Bg7 4. e4 d6 5. f3 O-O 6. Nge2 a6 7. Be3 Nc6 8. Qd2
Na5 9. Nc1 Nd7 10. b4 Nc6 11. Rb1 e5 12. d5 Nd4 13. N1e2 Nxe2 14. Bxe2 f5 15.
c5 Nf6 16. exf5 gxf5 17. O-O Nh5 18. Rfc1 Kh8 19. cxd6 cxd6 20. Na4 f4 21. Bf2
Qg5 22. Nc3 Bh3 23. Bf1 Qg6 24. Ne4 Nf6 25. Nxf6 Bxf6 26. Rb3 Rg8 27. Bb6 Rg7
28. Kh1 Rag8 29. Rc2 h5 30. a4 h4 31. Qf2 Bd7 32. b5 h3 33. g3 e4 34. Rc1 e3
35. Qg1 0-1

[Event "26th Chicago Open"]
[Site "Wheeling, IL"]
[Date "2017.05.27"]
[Round "4.27"]
[White "Furfine, Jacob"]
[Black "Sarkar, Justin"]
[Result "1/2-1/2"]
[WhiteElo "2191"]
[BlackElo "2375"]
[PlyCount "145"]
[EventDate "2017.05.??"]
[EventType "swiss"]
[EventRounds "9"]
[EventCountry "USA"]

1. d4 Nf6 2. Nf3 d5 3. Bf4 c5 4. c3 Qb6 5. Qb3 Nc6 6. e3 c4 7. Qc2 Bf5 8. Qc1
e6 9. h3 Be7 10. Be2 h6 11. O-O O-O 12. Nbd2 Rfc8 13. Bd1 Qd8 14. Bc2 Bxc2 15.
Qxc2 b5 16. e4 dxe4 17. Nxe4 Nxe4 18. Qxe4 b4 19. Nd2 Qd5 20. Rfe1 Qxe4 21.
Rxe4 bxc3 22. bxc3 Bg5 23. Bxg5 hxg5 24. Rc1 Rab8 25. Rc2 Ne7 26. Re5 Nd5 27.
Rxg5 Rb5 28. Re5 Rc6 29. Re1 Nf4 30. Rb1 Rxb1+ 31. Nxb1 Nd3 32. Nd2 e5 33. dxe5
Nxe5 34. g4 Rd6 35. Kg2 Rd3 36. f3 g5 37. Kf2 Kg7 38. Ke2 Rd5 39. Ke3 f5 40.
gxf5 Kf6 41. f4 gxf4+ 42. Kxf4 Nd3+ 43. Ke4 Rxf5 44. Nxc4 Nf2+ 45. Kd4 Nxh3 46.
Nd6 Ra5 47. c4 Ng5 48. Kc3 Re5 49. Kb4 Ne6 50. c5 a5+ 51. Ka4 Ke7 52. Nb7 Kd7
53. c6+ Kc7 54. Nxa5 Nc5+ 55. Ka3 Nd3 56. Nb3 Re4 57. Rc3 Ne5 58. Nc5 Rc4 59.
Na6+ Kb6 60. Rxc4 Nxc4+ 61. Kb4 Nd6 62. Nb8 Kc7 63. Kc5 Ne4+ 64. Kd5 Nc3+ 65.
Kc5 Kxb8 66. Kd6 Kc8 67. a3 Nb5+ 68. Kc5 Nxa3 69. Kb4 Nb1 70. Kb3 Kc7 71. Kc2
Na3+ 72. Kb3 Nb5 73. Kc4 1/2-1/2

[Event "26th Chicago Open"]
[Site "Wheeling, IL"]
[Date "2017.05.27"]
[Round "4.30"]
[White "Kambrath, Yannick"]
[Black "Whaley, Davis"]
[Result "0-1"]
[WhiteElo "2326"]
[BlackElo "2185"]
[Annotator "Hater,David"]
[PlyCount "50"]
[EventDate "2017.05.??"]
[EventType "swiss"]
[EventRounds "9"]
[EventCountry "USA"]

1. c4 e6 2. Nf3 d5 3. b3 Nf6 4. g3 c5 5. Bg2 d4 6. e3 Nc6 7. exd4 cxd4 8. O-O
Bd6 9. d3 O-O 10. Na3 e5 11. Re1 Bb4 12. Rf1 h6 13. Nc2 Bc3 14. Rb1 Bf5 15. Bb2
a5 16. a3 Re8 17. Nfe1 Qd7 18. Bxc3 dxc3 19. Ne3 Bh3 20. Bxh3 Qxh3 21. Rc1 Rad8
22. f3 e4 23. fxe4 Nxe4 24. Nd5 Nd2 25. Rf2 Nd4 {Time pressure; black
eventually won} 0-1

[Event "26th Chicago Open"]
[Site "Wheeling, IL"]
[Date "2017.05.27"]
[Round "4.31"]
[White "Vibbert, Sean"]
[Black "Mills, James"]
[Result "1-0"]
[WhiteElo "2316"]
[BlackElo "2097"]
[PlyCount "117"]
[EventDate "2017.05.??"]
[EventType "swiss"]
[EventRounds "9"]
[EventCountry "USA"]

1. e4 c6 2. Nc3 d5 3. Nf3 dxe4 4. Nxe4 Nf6 5. Nc3 Bg4 6. Bc4 e6 7. h3 Bh5 8. d3
Nbd7 9. Bf4 Bb4 10. a3 Be7 11. g4 Bg6 12. Qe2 Nb6 13. Bb3 Nfd5 14. Be5 f6 15.
Nxd5 Nxd5 16. Bg3 Qd7 17. Kf1 O-O 18. Re1 Bf7 19. c4 Nb6 20. d4 Rae8 21. Rd1
Qc8 22. c5 Nd5 23. Bxd5 exd5 24. Qd2 h5 25. Qd3 Bd8 26. Nh4 Re4 27. f3 Re6 28.
Rg1 Rfe8 29. Bd6 Re3 30. Qf5 Qxf5 31. gxf5 Re2 32. Rg2 Rxg2 33. Nxg2 g6 34. Kf2
gxf5 35. Nf4 Kh7 36. h4 a5 37. b4 axb4 38. axb4 Be7 39. Bxe7 Rxe7 40. Ra1 Kg7
41. Ra8 Rc7 42. Rb8 Kh6 43. Ne2 Re7 44. Nc3 Kg6 45. b5 f4 46. b6 Kf5 47. Ne2
Bg6 48. Rc8 Be8 49. Rc7 Rf7 50. Ke1 Rd7 51. Kd2 Rf7 52. Nc1 Rd7 53. Nd3 Rf7 54.
Kc3 Rd7 55. Kb4 Rf7 56. Ka5 Rd7 57. Nb4 Ke6 58. Nxc6 bxc6 59. Rxd7 1-0

[Event "26th Chicago Open"]
[Site "Wheeling, IL"]
[Date "2017.05.27"]
[Round "4.32"]
[White "Khanna, Ravi"]
[Black "He, Anthony"]
[Result "0-1"]
[WhiteElo "2061"]
[BlackElo "2307"]
[PlyCount "60"]
[EventDate "2017.05.??"]
[EventType "swiss"]
[EventRounds "9"]
[EventCountry "USA"]

1. e4 c5 2. d4 cxd4 3. c3 Nf6 4. e5 Nd5 5. Bc4 Nb6 6. Bb3 Nc6 7. cxd4 d5 8. Ne2
Bf5 9. Ng3 Bg6 10. f4 e6 11. O-O Rc8 12. Kh1 Be7 13. Nc3 Qd7 14. f5 Bxf5 15.
Nxf5 exf5 16. Bc2 g6 17. Bh6 Nb4 18. Bxf5 gxf5 19. Qh5 Rg8 20. e6 Qxe6 21. Rae1
Qg6 22. Qe2 Nc6 23. Bf4 Kf8 24. Rf3 Bh4 25. Rh3 Bxe1 26. Bh6+ Rg7 27. Bxg7+
Qxg7 28. Qxe1 Re8 29. Qc1 Qg5 30. Qf1 Qd2 0-1

[Event "26th Chicago Open"]
[Site "Wheeling, IL"]
[Date "2017.05.27"]
[Round "4.33"]
[White "Song, Edward"]
[Black "Titus, Andrew"]
[Result "1-0"]
[WhiteElo "2302"]
[BlackElo "2129"]
[PlyCount "97"]
[EventDate "2017.05.??"]
[EventType "swiss"]
[EventRounds "9"]
[EventCountry "USA"]

1. e4 c5 2. Nf3 d6 3. d4 cxd4 4. Nxd4 Nf6 5. Nc3 a6 6. h3 e6 7. g4 d5 8. exd5
Nxd5 9. Bd2 Bb4 10. Nxd5 Bxd2+ 11. Qxd2 Qxd5 12. Rg1 e5 13. Nb3 Qxd2+ 14. Kxd2
Bd7 15. Na5 b5 16. Re1 f6 17. f4 Nc6 18. Nxc6 Bxc6 19. fxe5 O-O-O+ 20. Bd3 fxe5
21. Rxe5 g6 22. Kc3 Rhf8 23. Rge1 Rf3 24. R1e3 Rdf8 25. Kb4 Rxe3 26. Rxe3 Rf7
27. a4 bxa4 28. Bxa6+ Kc7 29. Bb5 Bxb5 30. Kxb5 Rf4 31. Ra3 Kb7 32. Rxa4 Rf3
33. Ra3 Rf2 34. Rc3 Re2 35. b4 Re5+ 36. Kc4 Kb6 37. Rd3 Re4+ 38. Kb3 Rf4 39. c4
Kc6 40. Re3 h5 41. gxh5 gxh5 42. b5+ Kb6 43. Kb4 h4 44. Re6+ Kc7 45. Rh6 Kb7
46. b6 Ka6 47. Kc5 Rf3 48. Kc6 Rxh3 49. Rh7 1-0

[Event "26th Chicago Open"]
[Site "Wheeling, IL"]
[Date "2017.05.27"]
[Round "4.34"]
[White "Guddanti, Harshita"]
[Black "Young, Angelo"]
[Result "1/2-1/2"]
[WhiteElo "2007"]
[BlackElo "2281"]
[Annotator "Hater,David"]
[PlyCount "63"]
[EventDate "2017.05.??"]
[EventType "swiss"]
[EventRounds "9"]
[EventCountry "USA"]

1. e4 d6 2. d4 Nf6 3. Nc3 c6 4. f4 Qa5 5. Qd3 Na6 6. Be3 Ng4 7. Qd2 Nb4 8. Bd3
e5 9. Nf3 Nxe3 10. Qxe3 exf4 11. Qxf4 Nxd3+ 12. cxd3 Be7 13. O-O O-O 14. Kh1
Qh5 15. Rae1 Qg4 16. Qd2 b5 17. Nd1 Qh5 18. Ne3 Bd8 19. d5 c5 20. d4 Bb6 21.
dxc5 Bxc5 22. Nd4 Bd7 23. b4 Bxd4 24. Qxd4 Rfe8 25. Nd1 Qe5 26. Qf2 f6 27. Nb2
a5 28. Nd3 Qe7 29. Re3 axb4 30. Nxb4 f5 31. Nc6 Bxc6 32. dxc6 {drawn several
moves later} 1/2-1/2

[Event "26th Chicago Open"]
[Site "Wheeling, IL"]
[Date "2017.05.27"]
[Round "4.35"]
[White "Wang, Xiexin"]
[Black "Niemann, Hans"]
[Result "0-1"]
[WhiteElo "2000"]
[BlackElo "2282"]
[PlyCount "92"]
[EventDate "2017.05.??"]
[EventType "swiss"]
[EventRounds "9"]
[EventCountry "USA"]

1. c4 e5 2. Nc3 Nf6 3. g3 d5 4. cxd5 Nxd5 5. Bg2 Nb6 6. Nf3 Nc6 7. O-O Be7 8.
d3 O-O 9. a3 Be6 10. Be3 f5 11. b4 Bf6 12. Rc1 a5 13. Bc5 Rf7 14. b5 Nd4 15.
Nd2 Nd5 16. a4 Nxc3 17. Rxc3 e4 18. Ra3 Be7 19. Bxe7 Qxe7 20. Ra1 exd3 21. exd3
Rb8 22. Nf3 Nxf3+ 23. Qxf3 Qd6 24. Rfe1 Rf6 25. Qf4 Qxf4 26. gxf4 Rd8 27. Rac1
Bb3 28. Rxc7 Bxa4 29. Rxb7 Bb3 30. Ra7 a4 31. Ra6 Rb8 32. Bc6 Rg6+ 33. Kf1 Rd6
34. Re3 Bc2 35. Ke2 Rbd8 36. d4 Rxd4 37. Ra7 Bd1+ 38. Kf1 g5 39. b6 gxf4 40.
Re1 f3 41. b7 Be2+ 42. Rxe2 fxe2+ 43. Kxe2 Rb4 44. Bxa4 Rb6 45. Bc6 Rxc6 46.
Ra8 Re6+ 0-1

[Event "26th Chicago Open"]
[Site "Wheeling, IL"]
[Date "2017.05.27"]
[Round "4.37"]
[White "Hong, Andrew"]
[Black "Rudolph, Joziah"]
[Result "1-0"]
[WhiteElo "2383"]
[BlackElo "1836"]
[PlyCount "83"]
[EventDate "2017.05.??"]
[EventType "swiss"]
[EventRounds "9"]
[EventCountry "USA"]

1. e4 b6 2. d4 Bb7 3. Bd3 e6 4. Nf3 c5 5. O-O cxd4 6. Nxd4 Nc6 7. Nxc6 Bxc6 8.
Nc3 Nf6 9. e5 Nd5 10. Ne4 Nb4 11. Qg4 Nxd3 12. cxd3 Qc7 13. Bf4 Bxe4 14. dxe4
Qc2 15. Rac1 Qxe4 16. Rc7 h5 17. Qd1 d5 18. exd6 Qxf4 19. Qc2 Kd8 20. Qc6 Qxd6
21. Qxa8+ Kxc7 22. Rc1+ Qc5 23. Rxc5+ bxc5 24. Qxa7+ Kc6 25. Qa8+ Kd6 26. a4 g5
27. Qb8+ Ke7 28. a5 Bg7 29. Qc7+ Kf6 30. a6 Kg6 31. a7 Bxb2 32. Qb8 Rxb8 33.
axb8=Q Bd4 34. Kf1 h4 35. Ke2 f5 36. f3 Bg1 37. Kd3 Bd4 38. Qg8+ Kf6 39. Qf8+
Ke5 40. g3 hxg3 41. hxg3 f4 42. g4 1-0